| 000 | 00870nam a2200313Ia 4500 | ||
|---|---|---|---|
| 008 | 170711s9999 xx 000 0 und d | ||
| 020 | _a184312310X | ||
| 050 | _a372.04 | ||
| 050 | _bB471 2006 | ||
| 100 | _aBennett, Richard | ||
| 245 | _aLearning ICT with maths / | ||
| 245 | _cRichard Bennett. | ||
| 260 | _aGreat Britain : | ||
| 260 | _bDavid Fulton Publishers, | ||
| 260 | _c2006 | ||
| 300 | _aviii, 136 pages : | ||
| 300 | _billustrations ; | ||
| 300 | _c29cm. | ||
| 300 | _e + CD. | ||
| 440 | _aTeaching ICT across the primary curriculum. | ||
| 500 | _aIncludes index. | ||
| 650 | _aInformation technology -- | ||
| 650 | _aMathematics -- | ||
| 650 | _aMathematics -- | ||
| 650 | _xComputer-assisted instruction. | ||
| 650 | _xStudy and teaching (Elementary) -- Great Britain. | ||
| 650 | _xStudy and teaching. | ||
| 700 | _aTitle. | ||
| 999 |
_c339566 _d339566 |
||